Spôsoby výkonu daňovej exekúcie

Daňová exekúcia - nútený výkon správcu dane, ku ktorému je nútený pristúpiť, keď daňový subjekt ani na výzvu správcu dane daň alebo rozdiel dane neuhradí. Správca dane môže vykonať daňovú exekúciu spôsobom, ktorý si sám určí, a to spomedzi zákonom stanovených možností výkonu daňovej exekúcie. Formy...

Ausführliche Beschreibung

Gespeichert in:
Bibliographische Detailangaben
1. Verfasser: Dobšovič, Dušan
Format: Buchkapitel
Sprache:Slowakisch
Schlagworte:
Tags: Tag hinzufügen
Keine Tags, Fügen Sie das erste Tag hinzu!

MARC

LEADER 00000naa a2200000 4500
001 0158406
005 20231120125720.9
041 0 |a slo 
044 |a SK 
245 1 0 |a Spôsoby výkonu daňovej exekúcie  |c Dušan Dobšovič 
520 |a Daňová exekúcia - nútený výkon správcu dane, ku ktorému je nútený pristúpiť, keď daňový subjekt ani na výzvu správcu dane daň alebo rozdiel dane neuhradí. Správca dane môže vykonať daňovú exekúciu spôsobom, ktorý si sám určí, a to spomedzi zákonom stanovených možností výkonu daňovej exekúcie. Formy daňovej exekúcie. 
610 2 0 |a exekúcia daňová 
100 1 |a Dobšovič, Dušan